A human rights-based approach in higher education: a comparative study of Europe and the Maghreb

Saved in:
Bibliografiske detaljer
Hovedforfatter: Vega Gutiérrez, Ana María (Author)
Format: Bog
Sprog:engelsk
Udgivet: Pamplona Aranzadi 2016
Serier:Estudios
Fag:
Tags: Tilføj Tag
Ingen Tags, Vær først til at tagge denne postø!

MARC

LEADER 00000cam a2200000 a 4500
001 UCC9010
003 CL-VaPUC
008 190904e20160000sp |||||||||||||||||eng|d
020 |a 9788491522652 
082 0 4 |a 341.481  |b VEG  |2 21 
100 0 |a Vega Gutiérrez, Ana María  |e author  |9 603761 
245 1 2 |a A human rights-based approach in higher education: a comparative study of Europe and the Maghreb 
300 |a 567 p 
942 |c BK 
945 |d 20190904 15:40:00  |a cmena 
260 |a Pamplona  |b Aranzadi  |c 2016 
650 0 |a Derechos humanos  |9 223025 
650 0 |a Educación moral  |9 308319 
650 0 |a Educación superior   |9 223851 
650 0 |a Derecho y legislación   |9 255077 
650 0 |a Derechos civiles  |9 255655 
583 |a last modification  |c 20190904 15:40:00  |k Rodrigo Vera 
490 0 |a Estudios 
999 |c 375205  |d 375203 
952 |0 0  |1 0  |3 erb  |4 0  |6 341_481000000000000_VEG_2016  |7 0  |8 WP_COW  |9 561150  |a BIBDER  |b BIBDER  |e Fundación W and P Cowley  |i 5599091  |o 341.481 VEG 2016  |p 5599091  |r 2023-01-25  |w 2020-03-12  |y BK  |z Catalogado en:20190904  |k WPC